| 000 | 01034nam a22002297a 4500 | ||
|---|---|---|---|
| 999 |
_c58591 _d58591 |
||
| 003 | Ge_BSU | ||
| 005 | 20220608133034.0 | ||
| 008 | 220608s2017 ge ||||| |||| 00| 0 geo d | ||
| 020 | _a9789941273797 | ||
| 041 | _ageo | ||
| 080 | _a7.046.1+162.6+2-1 ლ-86 | ||
| 100 |
_aლოსევი, ალეკსეი _914021 |
||
| 245 |
_aმითის დიალექტიკა და სხვა ნაწარმოებები / _cალეკსეი ლოსევი ; რუსულიდან თარგმნა ვიქტორ რცხილაძემ. |
||
| 250 | _aI ქართული თარგმანი. | ||
| 264 |
_aთბილისი : _bCarpe diem, _c 2017. |
||
| 300 |
_a520 გვ. ; _b21 სმ. |
||
| 653 | _aმითოლოგია | ||
| 653 | _aრელიგიის ფილოსოფია. | ||
| 653 | _aდიალექტიკა | ||
| 700 |
_aრცხილაძე, ვიქტორ _eმთარგმნელი _914022 |
||
| 942 |
_2udc _cBK |
||